000 00603nam a2200169 i 4500
001 28623
003 ES-MaACL
005 20230906153911.0
007 t|
008 030117s1850 sp ||||1| spa d
080 _a94(460)"1833/76"
100 1 _aAzpiroz, Francisco Javier de.
_924358
245 1 0 _aMemoria del general Don Francisco Javier de Azpiroz sobre la última campaña de la primera división del ejército del centro /
_cFrancisco Javier de Azpiroz.
260 _aMadrid :
_b[s.n.,
_c1850]
651 4 _aEspaña-
_xHistoria-
_y1833-1876, Guerras carlistas.
_98253
852 4 _aES-MaACL
_jT-95-F-7
999 _c28623
_d28623